000 00712nam a2200229Ii 4500
003 JO-AjNU
005 20240623134852.0
008 230605s9999||||xx |||||||||||||| ||und||
020 _a30693
040 _aJO-AjNU
_bara
_erda
_cJO-AjNU
041 _aara
050 1 4 _aQC175.36.R4.G45 1984
100 3 _aغصيب ، هشام,
_eauthor
_97962
245 0 0 _aمدخل مبسط الى منطق نظرية النسبيه الخاصة
260 _aعمان :
_bدار الفرقان،
_c1984
300 _a57ص
336 _atext
_btxt
_2rdacontent
337 _aunmediated
_bn
_2rdamedia
338 _avolume
_bnc
_2rdacarrier
650 4 _aالاسلام والعلم-ذرة-نظريات
_97963
942 _2lcc
_cBK
999 _c4112
_d4112